000 01465nam a22003737a 4500
001 264
003 FISKH
005 20230313135111.0
008 230313b cb ||||| |||| 00| 0 eng d
020 _a9780061231643
040 _aDLC
_cDLC
_beng
_dFISKH
082 _a823.912
100 1 _aJacobs, Lana.
245 1 4 _aPrince Caspian :
_bthe movie storybook /
_cadapted by Lana Jacobs ; based on the screenplay by Andrew Adamson & Christopher Markus & Stephen McFeely ; based on the book by C.S. Lewis ; directed by Andrew Adamson ; [art/illustration Disney Enterprises, Inc. and Walden Media, LLC].
246 3 0 _aMovie storybook
250 _a1st ed.
260 _aNew York, NY :
_bHarperEntertainment,
_cc2008.
300 _a22 leaves of plates
_bcol. ill. ;
_c29 cm.
490 0 _aThe Chronicles of Narnia
505 _aK
520 _aThe four Penvensie children return to Narnia to help Prince Caspian and his army of Talking Beasts to free Narnia from evil.
521 8 _a600
_bLexile
521 8 _aK
_bRaz-Plus
700 1 _aAdamson, Andrew.
700 1 _aMarkus, Christopher.
700 1 _aMcFeely, Stephen.
700 1 _aLewis, C. S.
_q(Clive Staples),
_d1898-1963.
_tPrince Caspian.
710 2 _aWalt Disney Pictures.
710 2 _aDisney Enterprises (1996- )
710 2 _aWalden Media.
730 0 _aChronicles of Narnia, Prince Caspian (Motion picture)
906 _a7
_bcbc
_corignew
_d4
_eepcn
_f20
_gy-gencatlg
942 _2ddc
_cBK
_n0
999 _c264
_d264